Writer's Choice Grammar and Composition. Grade 11 /

Shranjeno v:
Bibliografske podrobnosti
Glavni avtor: Lester Mark
Drugi avtorji: Royster Jacqueline, ONeal Sharon, Strong William, Wilhelm Jeffrey, Wolfe Denny
Format: Knjiga
Jezik:Vietnamese
Izdano: American : McGraw-Hill , 2001
Teme:
Oznake: Označite
Brez oznak, prvi označite!
Thư viện lưu trữ: Thư viện Trường CĐ Kỹ Thuật Cao Thắng
LEADER 00761nam a2200253 a 4500
001 TVCDKTCT5877
003 Thư viện trường Cao đẳng Kỹ thuật Cao Thắng
005 20060822000000
008 060822
980 \ \ |a Thư viện Trường CĐ Kỹ Thuật Cao Thắng 
024 |a RG_1 #1 eb0 i1 
020 # # |a 0-07-822820-4 
041 0 # |a vie 
082 # # |a 420 /   |b WR300T-m 
100 1 # |a Lester Mark 
245 0 0 |a Writer's Choice Grammar and Composition. Grade 11 /  |c Lester Mark, ...[et al.] 
260 # # |a American :  |b McGraw-Hill ,  |c 2001 
300 # # |a 930tr. ;  |c 27 cm 
650 # 4 |a Ngôn Ngữ 
700 0 # |a Royster Jacqueline 
700 0 # |a ONeal Sharon 
700 0 # |a Strong William 
700 0 # |a Wilhelm Jeffrey 
700 0 # |a Wolfe Denny